[Event "Pennant-chT"]
[Site "Adelaide"]
[Date "2010.10.05"]
[Round "4.4"]
[White "Hatch, John H"]
[Black "Lozic, Anto"]
[Result "1-0"]
[WhiteElo "1249"]
[BlackElo "1406"]
[PlyCount "89"]
[EventDate "2010.09.14"]
[EventType "team-tourn"]
[EventRounds "7"]
[EventCountry "AUS"]
[SourceTitle "EXT 2023"]
[Source "ChessBase"]
[SourceDate "2022.10.05"]
[SourceVersion "1"]
[SourceVersionDate "2022.10.05"]
[SourceQuality "1"]

1. d4 d5 2. c4 dxc4 3. Nc3 c6 4. a4 e6 5. e4 Bb4 6. Bxc4 a5 7. Nge2 Ne7 8. 0-0 0-0 9. Bg5 Qc7 10. Bf4 Qb6 11. Rb1 Ng6 12. Bg3 Nd7 13. d5 exd5 14. exd5 Nf6 15. dxc6 bxc6 16. Qb3 Nh5 17. Bd6 Nh4 18. Bxf8 Kxf8 19. Bxf7 Nf6 20. Bc4 Bf5 21. Rbd1 Rb8 22. Nd4 Bc8 23. Ne6+ Bxe6 24. Bxe6 Bxc3 25. Qxb6 Rxb6 26. bxc3 c5 27. Bc4 Rb2 28. Rfe1 g5 29. Rd8+ Kg7 30. Rdd1 Ng4 31. Re2 Rxe2 32. Bxe2 Nf6 33. g3 Nf5 34. Rb1 Nd6 35. f3 c4 36. Rb6 Nfe8 37. Ra6 h6 38. Rxa5 Kf6 39. Ra6 Ke5 40. Ra5+ Ke6 41. Rc5 Nf6 42. Bxc4+ Nxc4 43. Rxc4 Kd5 44. Rc8 g4 45. fxg4 1-0

[Event "Pennant-chT"]
[Site "Adelaide"]
[Date "2009.09.29"]
[Round "3.4"]
[White "Lozic, Anto"]
[Black "Atrens, Edvard"]
[Result "0-1"]
[WhiteElo "1386"]
[BlackElo "1463"]
[PlyCount "112"]
[EventDate "2009.09.15"]
[EventType "team-tourn"]
[EventRounds "7"]
[EventCountry "AUS"]
[SourceTitle "EXT 2023"]
[Source "ChessBase"]
[SourceDate "2022.10.05"]
[SourceVersion "1"]
[SourceVersionDate "2022.10.05"]
[SourceQuality "1"]

1. e4 c5 2. Bc4 e6 3. Qf3 Nc6 4. c3 Nf6 5. d3 d5 6. exd5 exd5 7. Bb5 Be7 8. Bxc6+ bxc6 9. h3 Be6 10. Ne2 Qd7 11. 0-0 0-0 12. b3 d4 13. c4 h6 14. g4 Nxg4 15. hxg4 Bxg4 16. Qe4 f5 17. Qg2 Bxe2 18. Bxh6 Bf6 19. Re1 Bxd3 20. Nd2 Rfe8 21. Bf4 Re2 22. Rxe2 Bxe2 23. Qg6 d3 24. Re1 Rf8 25. Kg2 Bc3 26. Rh1 Rf6 27. Qh7+ Kf7 28. Rh3 Rg6+ 29. Rg3 Rxg3+ 30. Kxg3 Qe6 31. Qh4 Qg6+ 32. Kh2 Qg4 33. Qxg4 Bxg4 34. Kg3 Be2 35. Be3 Be5+ 36. f4 Bd4 37. Kf2 Bxe3+ 38. Kxe3 Kf6 39. Nb1 g5 40. fxg5+ Kxg5 41. Nc3 f4+ 42. Kd2 f3 43. Ne4+ Kf4 44. Nf2 Kg3 45. Ke3 Kg2 46. Ne4 a6 47. a3 Kf1 48. b4 cxb4 49. axb4 Ke1 50. c5 Kd1 51. Kf2 Kc2 52. Ke3 Kb3 53. Nd2+ Kxb4 54. Ne4 a5 55. Kd2 a4 56. Ke1 a3 0-1

[Event "Pennant-chT"]
[Site "Adelaide"]
[Date "2009.09.15"]
[Round "6.4"]
[White "Glascott, Brent"]
[Black "Lozic, Anto"]
[Result "0-1"]
[WhiteElo "1130"]
[BlackElo "1386"]
[PlyCount "114"]
[EventDate "2009.09.15"]
[EventType "team-tourn"]
[EventRounds "7"]
[EventCountry "AUS"]
[SourceTitle "EXT 2023"]
[Source "ChessBase"]
[SourceDate "2022.10.05"]
[SourceVersion "1"]
[SourceVersionDate "2022.10.05"]
[SourceQuality "1"]

1. e4 e5 2. Nf3 d6 3. Nc3 Nf6 4. d4 exd4 5. Nxd4 Be7 6. Qe2 0-0 7. Bd2 c5 8. Nf3 Bg4 9. 0-0-0 Nc6 10. h3 Nd4 11. Qe3 Bxf3 12. gxf3 a6 13. Ne2 Ne6 14. Rg1 Kh8 15. Nf4 Nxf4 16. Qxf4 Nh5 17. Qe3 Bf6 18. Bc3 Bxc3 19. Qxc3 f6 20. Qe3 Qe7 21. Rd5 g6 22. f4 Rfe8 23. f3 Ng7 24. h4 f5 25. e5 dxe5 26. Rxe5 Qxh4 27. Bc4 b5 28. Bd5 Rxe5 29. Qxe5 Re8 30. Qc3 Qxf4+ 31. Kb1 Qd4 32. Qxd4 cxd4 33. b4 Rd8 34. Bb3 Nh5 35. a4 bxa4 36. Bxa4 Rb8 37. b5 axb5 38. Bb3 b4 39. Rd1 Rd8 40. Kb2 Kg7 41. Re1 Kf6 42. Re6+ Kg5 43. Rb6 d3 44. cxd3 Rxd3 45. Rxb4 Rxf3 46. Rb7 Nf6 47. Kc2 h5 48. Kc1 h4 49. Rb8 Nh5 50. Bd1 Rf2 51. Rb3 Ng3 52. Rb8 h3 53. Rb3 Kf4 54. Rb4+ Ne4 55. Rb3 h2 56. Rh3 g5 57. Ba4 Rf1+ 0-1

[Event "Adelaide Interclub-A"]
[Site "Adelaide"]
[Date "2009.05.26"]
[Round "4.4"]
[White "Anderson Smith, William T"]
[Black "Lozic, Anto"]
[Result "0-1"]
[WhiteElo "1551"]
[BlackElo "1449"]
[PlyCount "48"]
[EventDate "2009.05.05"]
[EventType "team-tourn"]
[EventRounds "9"]
[EventCountry "AUS"]
[SourceTitle "EXT 2023"]
[Source "ChessBase"]
[SourceDate "2022.10.05"]
[SourceVersion "1"]
[SourceVersionDate "2022.10.05"]
[SourceQuality "1"]

1. e4 e6 2. d4 d5 3. e5 c5 4. Bb5+ Nc6 5. Bxc6+ bxc6 6. c3 Qb6 7. Nf3 Ba6 8. b3 cxd4 9. cxd4 Bb4+ 10. Bd2 c5 11. Bxb4 cxb4 12. Nbd2 Ne7 13. Rc1 0-0 14. Rc5 Rfc8 15. Qc2 Rxc5 16. dxc5 Qa5 17. Nd4 Rc8 18. c6 Qb6 19. N2f3 Nxc6 20. Nxc6 Rxc6 21. Qd2 Rc3 22. h4 Qc5 23. Qg5 Rc1+ 24. Kd2 Qc3# 0-1